Statistics for Interesting Facts: Countries #1

Click here to take the quiz!

General Stats

  • This quiz has been taken 72 times
  • The average score is 10 of 20

Answer Stats

Hint or QuestionAnswer% Correct
Fortune cookies were invented in the United States by a person who was born in _____.Japan
81%
What country is home to the oldest and deepest lake in the world?Russia
79%
_____ had a monopoly on silk until the 6th century.China
78%
What country is the only country to have a non-rectangular flag?Nepal
76%
38% of people in this country share the family name Nguyễn.Vietnam
74%
During WWII, United States built 91 aircraft carriers, while _____ built 14.Japan
71%
In this country, the _______ War is known as the American War.Vietnam
71%
In 874 AD, Ingólfr Arnarson became the first person to permanently settle on _______ according to the traditional story.Iceland
64%
Fat Tuesday is known as Shrove Tuesday or Pancake Day in...United Kingdom
60%
A carnivorous marsupial that died off in 1936, called the thylacine, lived in ________Australia
57%
What country has an AK-47 on its flag?Mozambique
53%
The United States is older than this country (the country wasn't unified until 1871).Germany
50%
In 1800, 25% of women living here were named Mary.England
40%
Until 1250 AD, this country was uninhabited by humans.New Zealand
40%
This country's stock market peaked in 1989, and has since fell down.Japan
33%
In this country, elephant birds used to live there until they went extinct sometime before 1700 AD.Madagascar
29%
This country/island was settled originally by the people of Borneo, over 7000 kilometers away.Madagascar
26%
The oldest verified dog, Bluey, lived for 29 years and 5 months. Where is the dog from?Australia
22%
The full, official name of this country is "The Plurinational State of _______"Bolivia
17%
Since the Middle Ages, wolf attacks have been a common occurrence in this country.France
17%

Score Distribution

Percentile by Number Answered

Percent of People with Each Score

Your Score History

You have not taken this quiz